000 00553nam a2200193Ia 4500
005 20250508162735.0
008 008 250505s9999 xx 000 0 eng d
037 _aTextual
040 _aFEDL
_beng
_cFEDL
041 _aeng
_2eng
084 _a530, MOH
_qFEDL
100 _aMohindroo K K
_9773952
245 0 _aPractical physics for class 12, Vol. 2
260 _aNew Delhi, India
_bPitambar Publishing Company Pvt. Ltd.
_c2016
300 _axii, 255p.
365 _aINR
_b275
942 _cTEXL
_h530, MOH
999 _c1378420
_d1378420